<?xml version="1.0" encoding="UTF-8"?>
<collection xmlns="http://www.loc.gov/MARC21/slim">
 <record>
  <leader>00825pamaa2200241   4500</leader>
  <controlfield tag="001">0000041741</controlfield>
  <controlfield tag="005">20090910090000.0</controlfield>
  <controlfield tag="008">070327                             eng  </controlfield>
  <datafield tag="020" ind1="0" ind2="0">
   <subfield code="a">013031398X (pbk.) </subfield>
  </datafield>
  <datafield tag="090" ind1="0" ind2="0">
   <subfield code="a">QA76.575 </subfield>
   <subfield code="b">RAO 2002</subfield>
  </datafield>
  <datafield tag="100" ind1="1" ind2="0">
   <subfield code="a">Rao </subfield>
   <subfield code="q">(Kamisetty Ramamohan) </subfield>
  </datafield>
  <datafield tag="245" ind1="1" ind2="0">
   <subfield code="a">Multimedia communication systems : </subfield>
   <subfield code="b">techniques, standards and networks  </subfield>
   <subfield code="c">K.R. Rao, Zoran S. Bojkovic and Dragorad A. Milovanovic.</subfield>
  </datafield>
  <datafield tag="260" ind1="0" ind2="0">
   <subfield code="a">Upper Saddle River, NJ: </subfield>
   <subfield code="b">Prentice Hall PTR, </subfield>
   <subfield code="c">2002.</subfield>
  </datafield>
  <datafield tag="300" ind1=" " ind2=" ">
   <subfield code="a">xxvi, 545 p.: </subfield>
   <subfield code="b">bill.; </subfield>
   <subfield code="c">c25.</subfield>
  </datafield>
  <datafield tag="504" ind1="0" ind2="0">
   <subfield code="a">Includes bibliographical references (p. 497-535) and index</subfield>
  </datafield>
  <datafield tag="650" ind1="0" ind2="0">
   <subfield code="a">Multimedia systems </subfield>
  </datafield>
  <datafield tag="650" ind1="0" ind2="0">
   <subfield code="a">Telecommunication systems </subfield>
  </datafield>
  <datafield tag="700" ind1="1" ind2="1">
   <subfield code="a">Bojkovic, </subfield>
   <subfield code="h">Z. S. </subfield>
  </datafield>
  <datafield tag="700" ind1="1" ind2="1">
   <subfield code="a">Milovanovic, </subfield>
   <subfield code="h">Dragorad A. </subfield>
  </datafield>
  <datafield tag="901" ind1=" " ind2=" ">
   <subfield code="u">http://www.phptr.com</subfield>
  </datafield>
 </record>
</collection>
